Santiago Rusiñol i el teatre per dins / Margarida Casacuberta
Descripción Física:
473 p. ; 21 cm
Colección:
Monografies de Teatre ; 37
MARC
| LEADER | 00000nam a2200000Ia 4500 | ||
|---|---|---|---|
| 001 | 12342 | ||
| 008 | 160829s1999 xx 000 0 cat d | ||
| 080 | |a B-1-195 | ||
| 100 | |a Casacuberta, Margarida |d 1964- |9 28098 | ||
| 245 | |a Santiago Rusiñol i el teatre per dins / Margarida Casacuberta | ||
| 260 | |a Barcelona : |b Institut del Teatre, Diputació de Barcelona, |c 1999 | ||
| 300 | |a 473 p. ; |c 21 cm | ||
| 490 | |a Monografies de Teatre ; 37 | ||
| 650 | |a Rusiñol, Santiago |x Crítica i interpretació |9 43625 | ||
| 650 | |a Teatre català |x S. XIX |x Història i crítica |9 28100 | ||
| 650 | |a Teatre català |x S. XX |x Història i crítica I |9 28101 | ||
| 650 | |a Modernisme (Literatura) |9 28102 | ||
| 710 | 1 | |a Institut del Teatre (Barcelona, Catalunya) |9 52662 | |
| 901 | |a Arxiu | ||
| 942 | |n 1 | ||
| 952 | |0 0 |1 0 |4 0 |6 B1195 |7 1 |9 44669 |a Arxiu |b Arxiu |d 2016-12-01 |l 0 |o B-1-195 |p 12342 |r 2016-12-01 00:00:00 |w 2016-12-01 |y ARXIU | ||
| 999 | |c 47250 |d 47250 | ||